Podnikové hospodárstvo - predmet jednoty teórie a podnikovej praxe

Saved in:
Bibliographic Details
Main Author: Neumannová, Anna
Format: Book Chapter
Language:Slovak
Tags: Add Tag
No Tags, Be the first to tag this record!

MARC

LEADER 00000naa$a2200000$$$4500
001 0061673
005 20240502083148.3
041 0 |a slo 
044 |a CZ 
245 1 0 |a Podnikové hospodárstvo - predmet jednoty teórie a podnikovej praxe  |c Anna Neumannová 
100 1 |a Neumannová, Anna